000 00561nam a2200169 i 4500
001 72002
003 ES-MaACL
005 20251005063048.0
007 t|
008 040823s1913 sp ||||1| spa d
100 1 _aGil-Casares, Miguel,
_d1871-1931
_956893
245 1 3 _aEl clima de las costas gallegas como recurso terapéutico y especialmente el de La Toja /
_cMiguel Gil y Casares.
260 _aBilbao :
_b[s.n.,
_c1913]
500 _aConferencia leída en IX Congreso de Hidrología.
852 _aES-MaACL
_jT-1350-F-5
999 _c72002
_d72002